| 000 | 00594nam a22001817a 4500 | ||
|---|---|---|---|
| 999 |
_c60512 _d60512 |
||
| 005 | 20230810114854.0 | ||
| 008 | 230810s2009 enk||||| |||| 00| 0 eng d | ||
| 020 | _a9783836510387 | ||
| 041 | _aeng | ||
| 080 | _a72 S-85 | ||
| 100 |
_aStierlin, Henri _919649 |
||
| 245 |
_aWorld Architecture: Greece : _bFrom Mycenae to the Parthenon / _cHenri Stierlin. |
||
| 264 |
_aKoln : _bTASCHEN _c2009. |
||
| 300 |
_a222 p.: _bill.; _c30 cm. |
||
| 653 | _aრომაული მიკენები პართენონამდე | ||
| 653 | _aსაბერძნეთი | ||
| 942 |
_2udc _cBK |
||